Holzbau 1 : Grundlagen DIN 1052 (neu 2008) und Eurocode 5 /

Salvato in:
Dettagli Bibliografici
Autori principali: Werner, Gerhard (Autore), Zimmer, Karlheinz (Autore), Lißner, Karin (Autore)
Natura: Libro
Lingua:tedesco
Pubblicazione: Berlin : Springer Verlag Berlin Heidelberg, 2009
Edizione:4. prepracované vydanie
Soggetti:
Accesso online:https://doi.org/10.1007/978-3-540-95859-8
Tags: Aggiungi Tag
Nessun Tag, puoi essere il primo ad aggiungerne!!

MARC

LEADER 00000nam a22000003a 4500
001 0112503
003 SK-STU
005 20241122114632.1
007 ta
008 241122s ----xo-----e------000-0-----d
020 |a 978-3-540-95858-1 
020 |a e-ISBN 978-3-540-95859-8 
040 |a STU  |b slo 
041 0 |a ger 
044 |a gw 
100 1 |a Werner, Gerhard  |4 aut 
245 1 0 |a Holzbau 1 :  |b Grundlagen DIN 1052 (neu 2008) und Eurocode 5 /  |c aut. Gerhard Werner, Karlheinz Zimmer, Karin Lißner 
250 |a 4. prepracované vydanie 
260 |a Berlin :  |b Springer Verlag Berlin Heidelberg,  |c 2009 
300 |a 370 s. 
650 0 7 |a stavebné materiály 
650 0 7 |a drevo 
650 0 7 |a výškové stavby 
650 0 7 |a ochrana dreva 
650 0 7 |a požiarna bezpečnosť budov 
650 0 7 |a spojovací prostriedok 
700 1 |a Zimmer, Karlheinz  |4 aut 
700 1 |a Lißner, Karin  |4 aut 
856 4 0 |u https://doi.org/10.1007/978-3-540-95859-8 
996 |b 284AU10289  |c A* 13563/U  |l AAKNST  |s P  |a 0  |w 0112503_0001